000 00364 a2200169 4500
001 188157
020 _a85-322-1233-6
040 _cMagnum
100 _aForjaz, Sonia Salerno
240 1 0 _aPapai não é perfeito
_lpor
245 1 0 _aPapai não é perfeito
300 _a60
362 0 _a1999
440 1 _aFTD
697 _aLITERATURA JUVENIL
942 _cBK
999 _c188157
_d188157